000 00840nam a22002177a 4500
999 _c20304
_d20304
008 240516b ||||| |||| 00| 0 eng d
020 _a9717250243
082 _aDFil 499.211
_bP14 1997
245 _aPagbasa at pagsulat sa iba't ibang disiplina /
_cCarmelita S. Lorenzo and six others.
260 _aMakati City :
_bGrandwater Publications and Research Corporations,
_c©1997.
300 _aix, 225 pages :
_billustrations ;
_c22 cm.
500 _aIncludes bibliography.
650 _aReading (Filipino).
_957186
700 _aMag-atas, Rosario U.
_eauthor.
_95124
700 _aSan Juan, Corazon.
_eauthor.
_957140
700 _aAganan, Fernanda P.
_eauthor.
_957141
700 _aDe Leon, Zanaida S.
_eauthor.
_957142
700 _aSan Juan, Gloria P.
_eauthor.
_95345
700 _aCabaysa, William G.
_eauthor.
_95126
942 _2ddc
_cDFIL